LDR 00748naa#a2200169#i#450# 001 EN\\bibl\116352 005 20260430143916.4 011 ## _a1994-4683 100 ## _a20260429b2026####ek#y0engy0150####ca 102 ## _aRU 200 1# _aFeatures of movement plasticity in artistic and rhythmic gymnasts _eJournal article 210 1# _aMoscow _cNational State University of Physical Education, Sports and Health named after P.F. Lesgaft _d2026 215 ## _a6 с. 608 ## _aJournal article _2local 675 ## _aГимнастика. Производственная и художественная гимнастика. Спортивная гимнастика. Акробатика. 796.41 _z 700 #1 _aMakarova _gViktoriya Sergeevna 856 4# _auchzapiski.lesgaft.spb.ru _u